Theory in an uneven world (Record no. 57327)
[ view plain ]
| 000 -LEADER | |
|---|---|
| fixed length control field | 00572nam a2200217Ia 4500 |
| 005 - DATE AND TIME OF LATEST TRANSACTION | |
| control field | 20260629163255.0 |
| 008 - FIXED-LENGTH DATA ELEMENTS--GENERAL INFORMATION | |
| fixed length control field | 260629s9999||||xx |||||||||||||| ||und|| |
| 020 ## - INTERNATIONAL STANDARD BOOK NUMBER | |
| International Standard Book Number | 0631175385 |
| Qualifying information | pbk |
| 020 ## - INTERNATIONAL STANDARD BOOK NUMBER | |
| International Standard Book Number | 9780631175384 |
| Qualifying information | pbk |
| 082 ## - DEWEY DECIMAL CLASSIFICATION NUMBER | |
| Classification number | 801.95 |
| Item number | RAD |
| 100 ## - MAIN ENTRY--PERSONAL NAME | |
| Personal name | Radhakrishnan, Rajagopalan |
| 245 #0 - TITLE STATEMENT | |
| Title | Theory in an uneven world |
| 260 ## - PUBLICATION, DISTRIBUTION, ETC. | |
| Place of publication, distribution, etc. | Oxford |
| Name of publisher, distributor, etc. | Blackwell Publishing |
| Date of publication, distribution, etc. | 2003 |
| 300 ## - PHYSICAL DESCRIPTION | |
| Extent | xv, 217p. ; 24cm. |
| 653 ## - INDEX TERM--UNCONTROLLED | |
| Uncontrolled term | Criticism |
| 653 ## - INDEX TERM--UNCONTROLLED | |
| Uncontrolled term | Critique |
| 653 ## - INDEX TERM--UNCONTROLLED | |
| Uncontrolled term | Postcolonialism |
| 653 ## - INDEX TERM--UNCONTROLLED | |
| Uncontrolled term | Postcolonialisme |
| 653 ## - INDEX TERM--UNCONTROLLED | |
| Uncontrolled term | Poststructuralism |
| 942 ## - ADDED ENTRY ELEMENTS (KOHA) | |
| Koha item type | Book |
| Withdrawn status | Lost status | Damaged status | Not for loan | Home library | Current library | Shelving location | Date acquired | Source of acquisition | Total Checkouts | Full call number | Barcode | Date last seen | Price effective from | Koha item type |
|---|---|---|---|---|---|---|---|---|---|---|---|---|---|---|
| LRC, IIT Indore | LRC, IIT Indore | 2nd Floor - General Stack | 29/06/2026 | Gratis Book Price: USD 56.95 | 801.95 RAD | G2552 | 29/06/2026 | 29/06/2026 | Book |
